00265pam a2200109 a 4500020000500000041000500005082001500010100001900025245006100044260003400105300001600139 c h a743.6bWHI aJanet Whittle. aHow to draw Flowers in Simple StepshTextual Documents a[s.l]:bSearch press ,c2014. a32:bpaper.